000 01638ctm a22002891a 4500
003 SA-RiAUC
005 20251218142025.0
007 co ug ---uuauu         
008 251215s1989 su fsbm 00000 ara c
040 _aSA-JeALM
_bara
_cSA-RiAUC
_erda
082 0 4 _a258.3
_qSA-RiAUC
090 _aر 258.3
_bظ هـ ا
100 1 _aالظهار، راوية بنت أحمد بن عبد الكريم
245 1 0 _aتحقيق كتاب الحاوي الكبير من أوله حتى غسل الجمعة والعيدين للإمام أبي الحسن علي بن محمد بن حبيب الماوردي المتوفى سنة 450 هـ./
_cراوية بنت أحمد عبد الكريم الظهار ؛ إشراف حسن أحمد مرعي.
260 _c1989
264 _aمكة المكرمة :
_bجامعة أم القرى
_c1989
300 _a4 مجلد؛
_c30 سم.
500 _aأطروحة (دكتوراه)-جامعة أم القرى، كلية الشريعة، قسم الدراسات العليا الشرعية، 1989.
502 _aأطروحة (دكتوراه)-جامعة أم القرى، كلية الشريعة، قسم الدراسات العليا الشرعية، 1989.
504 _aيشتمل على إرجاعات ببليوجرافية.
650 7 _aالفقه الشافعي
_2aucsh
700 1 2 _aالماوردي، علي بن محمد بن حبيب،
_d364-450 هجري
700 _aمرعي, حسن أحمد.
_eإشراف
740 2 2 _aالحاوي الكبير في فقه مذهب الإمام الشافعي.
942 _2ddc
_cTHESES
_n0
949 _aSA-JeALM
_d251215
_umohamedma123
_n1
999 _c13595
_d13595